000 00703nam a22002297a 4500
005 20170124110215.0
010 _aA-710385
020 _c00.00
_a8170412587
035 _aA-710385
037 _bCen Lib/Ret
040 _aDPL
_bEN
082 _a921
_bBAK
100 _aBakshi, S. R.
_91667
245 _aBhagat Singh :
_cby S.R.Bakshi
_bpatriot and martyr /
260 _aNew Delhi
_bAnmol Publications
_c1990
270 _a4378/4B, Ansari Raod, Darya Ganj
_bNew Delhi
_e110002
300 _avi, 231p.
_c21cm(Hb)
500 _aIncludes bibliographical references and index
650 _aRevolutionaries
_928165
650 _aSingh, Bhagat
_938930
942 _2ddc
_cEN
_h921
_mBAK
999 _c133791
_d133791